00723nam a2200217 a 450000100060000000300090000600800410001502000150005604000280007108200090009910000480010824500620015626000300021830000080024849000290025659001360028565000350042165000200045694200120047699900170048821339CO-ViMGA141112s2004 ck r 000 u spa d a8408057030 aCO-ViMGAbspacCO-ViMGA04aLEWl1 aLewis, Clive Staples; Gallart, Gemma93044010aEl león, la bruja y el armario (las cronicas de Narnia) aBogotá; Planeta, c2006 a233 aLas crónicas de Narnia aForma de adquisición : Compra fact. 0862 - - Precio : 33000 - - Proveedor : Temas y libros - - Fecha de adquisición : Mayo 200714aANIMALES EN LA LITERATURA985314aNOVELA INFANTIL 2ddccBK c29959d29959